Historia de la literatura universal: A través de la crítica y de los textos
Zapisane w:
| 1. autor: | |
|---|---|
| Format: | Książka |
| Język: | hiszpański |
| Wydane: |
Buenos Aires
Ciordia, S.R.L
1963
|
| Hasła przedmiotowe: | |
| Etykiety: |
Dodaj etykietę
Nie ma etykietki, Dołącz pierwszą etykiete!
|
MARC
| LEADER | 00000nam a2200000 a 4500 | ||
|---|---|---|---|
| 001 | UCH3774 | ||
| 003 | CL-VaPUC | ||
| 008 | 090818e19630000AG |||||||||||||||||spa|d | ||
| 082 | 0 | 4 | |a 809 |b DIA |2 21 |
| 100 | 0 | |a Díaz-Plaja, Guillermo |e author |9 376957 | |
| 245 | 1 | 0 | |a Historia de la literatura universal: A través de la crítica y de los textos |
| 300 | |a 226 p | ||
| 942 | |c BK | ||
| 945 | |d 20090818 00:00:00 |a lazolas | ||
| 260 | |a Buenos Aires |b Ciordia, S.R.L |c 1963 | ||
| 650 | 0 | |a Literatura |9 259151 | |
| 650 | 0 | |a Historia y crítica |9 257407 | |
| 650 | 0 | |a Literatura medieval |9 266338 | |
| 650 | 0 | |a Romanticismo |9 266698 | |
| 650 | 0 | |a Renacimiento |9 255107 | |
| 583 | |a last modification |c 20160602 17:24:22 |k Rodrigo Vera | ||
| 999 | |c 335207 |d 335205 | ||